000 00253nam a2200109Ia 4500
008 220204s9999 xx 000 0 und d
082 _a082.09
_bMAR
100 _aMarinelli, Peter V
245 0 _aPastoral
260 _aLondon
_bMethuen
_c1971
942 _cBK
999 _c34148
_d34148